000 00732nam a2200217Ia 4500
003 GCL
008 140319s9999 xx 000 0 ara d
040 _aGCL /
_cGCL
082 0 4 _a823
_bم م
100 1 _aامين العيوطى
245 1 0 _aمحبوبة /
_cامين العيوطى
700 1 _aموريس, تونى
260 _a[S.N] :
_bمركز الاهرام للترجمة والنشر ،
_c1989
300 _a460 ص
490 _aمن روائع الادب الامريكى المعاصر
_v0
650 0 4 _aالادب العربى
650 0 4 _aالادب الامريكى
650 0 4 _aالقصة العربية المترجمة
650 0 4 _aالقصة الامريكية المترجمة
942 _2ddc
_cBK
999 _c30466
_d30466